| 000 | 00913nam a2200289 i 4500 | ||
|---|---|---|---|
| 001 | bg | ||
| 100 | 1 |
_aBulgakov, Mihail Afanas'evič _d(1891-1940). |
|
| 245 | 1 | 0 |
_aMistrz i Małgorzata / _cMichaił Bułhakow ; przekł. Irena Lewandowska i Witold Dąbrowski. |
| 246 | 1 |
_iTyt. oryg.: _aMastier i Margarita |
|
| 260 |
_aKraków : _b"Mediasat Poland", _c[2004]. |
||
| 300 |
_a413, [2] s. ; _c22 cm. |
||
| 490 | 1 |
_aKolekcja Gazety Wyborczej : XX wiek ; _v4 |
|
| 650 | 9 |
_aPowieść rosyjska _y20 w. |
|
| 700 | 1 |
_aLewandowska, Irena _d(1931- ). _eTł. |
|
| 700 | 1 |
_aDąbrowski, Witold _d(1933-1978). _eTł. |
|
| 830 | 0 |
_aKolekcja Gazety Wyborczej ; _v4 |
|
| 020 | _a838965153X | ||
| 020 | _a8497895428 | ||
| 040 | _cBPK | ||
| 041 | 1 |
_apol _hrus |
|
| 044 | _aPOL | ||
| 080 | _a821.161.1-3 | ||
| 920 | _a83-89651-53-X | ||
| 920 | _a84-9789-542-8 | ||
| 942 | _cKS | ||
| 008 | s pl f |000 0 pol | ||
| 999 |
_c55641 _d55641 |
||